00718nas a2200205 i 45000010005000000030009000050050017000140080041000310800012000722450129000842600094002133000017003073100012003243620022003366500022003587000032003807000032004128520039004448660029004832295ES-MaACL20250728100638.0950801c1879 ii | | 1 ||ng d a141.33204aThe Theosophist b: a magazine of brotherhood oriental philosophy, art, literature and occultism / cedited by Annie Besant. aAdyar, Madras, India : bTheosophical Publishing House, c1879- (fA.K. Sitarana Shastri) av ; c25 cm. aMensual0 aV. I (oct. 1879-) 7aTeosofía2embne1 aBesant, Annie (d1874-1933)1 aArundale, George S., edir. aES-MaACLjZ-136 xOlim: Hem-1401 1o(1934)(1935f.oct.-dic.).